000 00782nab a2200193 4500
001 244442
003 OSt
005 20230628161605.0
007 tu
008 200917s2020|||||||
040 _aDE-2950
_cDE-2950
245 0 0 _aVon der Vorstadt zum neuen Zentrum.
_bStadtgeschichte. Das Grundstück an der Logenstraße, auf dem heute das Hauptpostgebäude steht, blickt auf eine bewegende Geschichte zurück. Im 19. Jahrhundert gehörte die Gegend am ehemaligen Gubener Stadttor zu den angesagtesten Adressen in Frankfurt. (Teil 1) /
_cvon Ralf-Rüdiger Targiel
264 _c2023
653 _aFrankfurt (Oder)
653 _aWilhelmsplatz
653 _aGeschichte
773 0 _g34. Jahrgang (2023) Nr. 142 vom 21.06.2023, S. 16: mit Foto
_tMärkische Oderzeitung
942 _2z
_cA
999 _c372592
_d372592